Business Communication for Managers (Record no. 3055)

MARC details
000 -LEADER
fixed length control field 00410nam a2200169Ia 4500
008 - FIXED-LENGTH DATA ELEMENTS--GENERAL INFORMATION
fixed length control field 221030s9999 xx 000 0 und d
020 ## - INTERNATIONAL STANDARD BOOK NUMBER
ISBN 813150221X
041 ## - LANGUAGE CODE
Language code of text/sound track or separate title
082 ## - DEWEY DECIMAL CLASSIFICATION NUMBER
Classification number 105.23
100 ## - MAIN ENTRY--AUTHOR NAME
Personal name J. M. Penrose
245 #0 - TITLE STATEMENT
Title Business Communication for Managers
260 ## - PUBLICATION, DISTRIBUTION, ETC. (IMPRINT)
Name of publisher Thomson Learning
Place of publication Singapore
Year of publication 2007
300 ## - PHYSICAL DESCRIPTION
Number of Pages 470
650 ## - SUBJECT ADDED ENTRY--TOPICAL TERM
Topical Term Management
700 ## - ADDED ENTRY--PERSONAL NAME
Personal name R. W. Rasberry
942 ## - ADDED ENTRY ELEMENTS (KOHA)
Koha item type Books
Holdings
Accession Number Cost, normal purchase price Full call number Price effective from Koha item type Withdrawn / writtenoff status Materials specified (bound volume or other part) Damaged status Not for loan Permanent Location Current Location Shelving location Date acquired Lost/ Missing status department
MBA 1146 325.00 105.23 10/30/2022 Books   Print   Not For Loan MIET Library, Jammu MIET Library, Jammu BL-Second, FL-1, CUP-137, SH-3, R-3 05/10/2008   MBA
MBA 1147 325.00 105.23 10/30/2022 Books   Print     MIET Library, Jammu MIET Library, Jammu 135/5 05/10/2008   MBA
MBA 1148 325.00 105.23 10/30/2022 Books   Print     MIET Library, Jammu MIET Library, Jammu 135/5 05/10/2008   MBA
M 1599 325.00 105.23 10/30/2022 Books   Print     MIET Library, Jammu MIET Library, Jammu BL-Academic Block- B, FL-2, CUP-26, SH-1, R-1 04/11/2008   MCA
M 1600 325.00 105.23 10/30/2022 Books   Print     MIET Library, Jammu MIET Library, Jammu BL-Academic Block- B, FL-2, CUP-145, SH-1, R-1 04/11/2008   MCA
M 1601 325.00 105.23 10/30/2022 Books   Print     MIET Library, Jammu MIET Library, Jammu BL-Academic Block- B, FL-2, CUP-145, SH-1, R-1 04/11/2008   MCA
M 1602 325.00 105.23 10/30/2022 Books   Print     MIET Library, Jammu MIET Library, Jammu BL-Academic Block- B, FL-2, CUP-145, SH-1, R-1 04/11/2008   MCA
M 1603 325.00 105.23 10/30/2022 Books   Print     MIET Library, Jammu MIET Library, Jammu BL-Academic Block- B, FL-2, CUP-145, SH-1, R-1 04/11/2008   MCA